[Event "Challenge"]
[Site "http://www.queenalice.com/game.php?id=690693"]
[Date "2009.11.30"]
[Round "-"]
[White "peambrosio"]
[Black "vania"]
[Result "0-1"]
[WhiteElo "1307"]
[BlackElo "1485"]

1. e4 e5 2. Bb5 a6 3. Bd3 c5 4. Nf3 b5 5. a3 c4 6. Be2 Bb7 7. d3 cxd3 8. Bxd3 f6
9. O-O g5 10. b4 h5 11. Nc3 g4 12. Nh4 Rh6 13. Nd5 f5 14. Nxf5 Rg6 15. Bb2 Bxd5
16. exd5 Rf6 17. Ng3 d6 18. Nxh5 Rh6 19. Qxg4 Ne7 20. c4 bxc4 21. Bxc4 Rg6 22.
Qe2 Nf5 23. Rad1 Qg5 24. f4 Qh6 25. fxe5 dxe5 26. Qxe5+ Be7 27. Rxf5 Nd7 28. Qc7
Qe3+ 29. Kh1 Bd6 30. Qa5 Qe4 31. Bd3 Qxg2# 0-1

[Event "Challenge"]
[Site "http://www.queenalice.com/game.php?id=690694"]
[Date "2009.11.30"]
[Round "-"]
[White "vania"]
[Black "peambrosio"]
[Result "1-0"]
[WhiteElo "1494"]
[BlackElo "1294"]

1. e4 Nf6 2. f3 e5 3. c4 Bd6 4. g4 a5 5. a4 O-O 6. b3 Ra6 7. h4 Rb6 8. h5 Bb4 9.
g5 Nxh5 10. Rxh5 g6 11. Rh4 Qxg5 12. Rg4 Qh6 13. Bb2 Rd6 14. Nc3 Rxd2 15. Qxd2
Qxd2+ 16. Kxd2 d6 17. Kc2 h5 18. Rg5 Re8 19. Nd5 c6 20. Nxb4 axb4 21. Rd1 Nd7
22. Rxd6 h4 23. a5 Nc5 24. Bxe5 h3 25. Nxh3 Be6 26. Nf4 Bc8 27. Nxg6 fxg6 28.
Rgxg6+ Kf8 29. Rdf6+ Ke7 30. Rg7+ Kd8 31. Bc7# 1-0

[Event "AUTO-BEG-361"]
[Site "http://www.queenalice.com/game.php?id=691394"]
[Date "2009.12.1"]
[Round "1"]
[White "rodrigomni"]
[Black "peambrosio"]
[Result "0-1"]
[WhiteElo "1372"]
[BlackElo "1349"]

1. e4 e5 2. Nf3 d6 3. Qe2 Nf6 4. d3 Be7 5. Nc3 a5 6. Qe3 c5 7. Nd5 Ng4 8. Qe2 a4
9. a3 b5 10. h3 Nh6 11. d4 cxd4 12. Qxb5+ Bd7 13. Qc4 f5 14. Nc7+ Kf8 15. Nxa8
Qc8 16. Qxc8+ Bxc8 17. Nb6 Bb7 18. exf5 e4 19. Nxd4 Bh4 20. Ne6+ Kg8 21. Bc4 e3
22. Bxe3 Nxf5 23. Nc5+ d5 24. Nxb7 dxc4 25. Rd1 Nxe3 26. Rd2 Nxg2+ 27. Kf1 Nf4
28. Nd7 Nc6 29. c3 h5 30. Nd6 Rh6 31. Nf5 Bg5 32. Nxh6+ Bxh6 33. Nc5 Ng6 34. Rg1
Bxd2 35. Rxg6 Ne5 36. Ra6 Bc1 37. Rxa4 Bxb2 38. Ne4 Nf3 39. Rxc4 Nd2+ 40. Ke2
Nxc4 41. a4 h4 42. Kd3 Na5 43. c4 Bc1 44. c5 g5 0-1

[Event "AUTO-BEG-361"]
[Site "http://www.queenalice.com/game.php?id=691400"]
[Date "2009.12.1"]
[Round "1"]
[White "Peds"]
[Black "peambrosio"]
[Result "1-0"]
[WhiteElo "1185"]
[BlackElo "1393"]

1. g4 h6 2. d3 e5 3. Nf3 d6 4. h3 a5 5. c4 a4 6. b3 axb3 7. Qxb3 Be6 8. Qxb7 Nd7
9. Nh4 Ra4 10. Nc3 Qb8 11. Qb2 g5 12. Nxa4 gxh4 13. Bg2 Nb6 14. g5 hxg5 15. c5
dxc5 16. Nxc5 Bxc5 17. Bxg5 Rh5 18. Qxe5 Qa7 19. Qxc5 Bd5 20. Bxd5 Rxg5 21. Bc6+
Kd8 22. Qf8# 1-0

[Event "Challenge"]
[Site "http://www.queenalice.com/game.php?id=724568"]
[Date "2010.2.2"]
[Round "-"]
[White "deniselefeber"]
[Black "peambrosio"]
[Result "1-0"]
[WhiteElo "1220"]
[BlackElo "1337"]

1. Nf3 e6 2. e4 Nf6 3. e5 Nd5 4. c4 Nf4 5. g4 d5 6. cxd5 exd5 7. Qc2 Bxg4 8.
Qa4+ Nd7 9. Nh4 c6 10. Rg1 Nxe5 11. Qxf4 Qxh4 12. Be2 Nd3+ 13. Kd1 Rd8 14. Qe3+
Be7 15. Qxd3 h5 16. Bxg4 hxg4 17. Rf1 Qxh2 18. Qc2 f5 19. d3 Rh3 20. Bd2 Bh4 21.
Qc3 d4 22. Qb3 1-0

[Event "Challenge"]
[Site "http://www.queenalice.com/game.php?id=724786"]
[Date "2010.2.2"]
[Round "-"]
[White "peambrosio"]
[Black "deniselefeber"]
[Result "0-1"]
[WhiteElo "1373"]
[BlackElo "1197"]

1. e4 Nf6 2. d3 c5 3. e5 Nd5 4. c4 Nb4 5. Be3 f5 6. Bxc5 Kf7 7. Bxb4 g5 8. Qh5+
Ke6 9. d4 d5 10. cxd5+ Kxd5 11. e6 Nc6 12. Nc3+ Kxe6 13. Bc4+ Kd7 14. Ba3 Nxd4
15. Qxg5 Kc7 16. Nd5+ Kb8 17. Nxe7 Qd7 18. Rd1 a5 19. Bb5 Qxb5 20. Rxd4 Bd7 21.
g4 Be6 0-1

[Event "arranca rabo"]
[Site "http://www.queenalice.com/game.php?id=742423"]
[Date "2010.3.7"]
[Round "-"]
[White "peambrosio"]
[Black "carlao2005"]
[Result "0-1"]
[WhiteElo "1217"]
[BlackElo "1704"]

1. e4 e5 2. Nf3 Nc6 3. d3 d6 4. Bg5 f6 5. d4 fxg5 6. dxe5 dxe5 7. Bc4 Qxd1+ 8.
Kxd1 Bd7 9. Nxg5 O-O-O 10. Nf7 Be6+ 11. Nxd8 Bxc4 12. Nxc6 bxc6 13. Nc3 Nf6 14.
h4 Ng4 15. f3 Nf2+ 16. Kd2 Nxh1 17. Rxh1 Bc5 18. Re1 Rd8+ 19. Kc1 Bf2 20. Rd1
Rxd1+ 21. Kxd1 Bxh4 0-1

[Event "Challenge"]
[Site "http://www.queenalice.com/game.php?id=753188"]
[Date "2010.3.28"]
[Round "-"]
[White "Vanessahermosa"]
[Black "peambrosio"]
[Result "1-0"]
[WhiteElo "1351"]
[BlackElo "1215"]

1. e4 e5 2. Bc4 Nf6 3. Qf3 c6 4. Nh3 b5 5. Bb3 c5 6. d3 Ba6 7. Ng5 c4 8. dxc4
bxc4 9. Ba4 Nc6 10. c3 Qb6 11. Na3 Bc5 12. Nh3 Qc7 13. Qg3 Rb8 14. Qxg7 Nxe4 15.
Qxh8+ Ke7 16. Qxh7 Qb6 17. Nxc4 Bxc4 18. Bc2 Nxf2 19. Bg5+ Ke6 20. Qh6+ Kd5 21.
Rd1+ Nxd1 22. Bxd1 Rg8 23. Bf3+ e4 24. Nf4+ Ke5 25. Qf6# 1-0

[Event "Challenge"]
[Site "http://www.queenalice.com/game.php?id=756669"]
[Date "2010.4.5"]
[Round "-"]
[White "carlao2005"]
[Black "peambrosio"]
[Result "1-0"]
[WhiteElo "1706"]
[BlackElo "1215"]

1. d4 d5 2. c4 dxc4 3. e4 e5 4. Bxc4 exd4 5. Nf3 c5 6. O-O Nc6 7. Bb5 Bd7 8. a3
Nf6 9. e5 Ne4 10. Bd3 Bf5 11. Re1 Qd5 12. Bxe4 Bxe4 13. Nbd2 Bf5 14. Nb3 Rd8 15.
Bg5 Be7 16. Rc1 b6 17. Bxe7 1-0

[Event "Challenge"]
[Site "http://www.queenalice.com/game.php?id=770935"]
[Date "2010.5.5"]
[Round "-"]
[White "vania"]
[Black "peambrosio"]
[Result "1-0"]
[WhiteElo "1476"]
[BlackElo "1205"]

1. e4 e5 2. Qf3 Nc6 3. Bc4 Nf6 4. g4 h6 5. Qb3 Qe7 6. f3 a5 7. h4 a4 8. Qb5 Qd6
9. Qb3 axb3 10. Bxb3 Nd4 11. Ba4 1-0

[Event "Challenge"]
[Site "http://www.queenalice.com/game.php?id=770937"]
[Date "2010.5.5"]
[Round "-"]
[White "peambrosio"]
[Black "vania"]
[Result "0-1"]
[WhiteElo "1211"]
[BlackElo "1470"]

1. d4 d5 2. Nc3 c6 3. b4 b5 4. h3 Qd6 5. a3 f5 6. e3 h5 7. Bd3 e6 8. h4 Nh6 9.
Qxh5+ Kd8 10. Nf3 Qe7 11. Rh3 Nf7 0-1